| 000 | 04001nab a2200301 i 4500 | ||
|---|---|---|---|
| 003 | BR-BrBNA | ||
| 005 | 20240320123224.0 | ||
| 008 | 240320b2020 bl.ar|pooa||| 00| 0 eng | | ||
| 040 |
_aBR-BrBNA _beng |
||
| 072 |
_aH60 _b3876 |
||
| 100 | _aCorreia, Núbia Maria | ||
| 100 | _aRampazzo, Pedro Eduardo | ||
| 100 | _aAraújo, Lucas da Silva | ||
| 100 | _aRossi, Caio Vitagliano Santi | ||
| 245 | _aSensitivity of Digitaria insularis to herbicides in agricultural areas, in the Brazilian Cerrado biome | ||
| 500 | _aPublicação on-line; 21 ref.; 4 illus.; 2 tables; Summaries (En, Pt) | ||
| 520 | _a Abstract – The objective of this work was to evaluate the sensitivity of different populations of Digitaria insularis to the glyphosate, clethodim, and haloxyfop-P-methyl herbicides, in agricultural areas, and to develop infestation maps based on the responses of these populations. One hundred sixty-one populations suspected of being resistant were evaluated and compared to a susceptible population. When plants displayed three to four tillers, the populations were sprayed with glyphosate (1,000 g ha-1 a.e.), clethodim (108 g ha-1 a.i. + 0.5% mineral oil), and haloxyfop-P-methyl (62.35 g ha-1 a.i. + 0.5% mineral oil); plants without herbicide application were used as the control. The plant populations were classified as susceptible, intermediately resistant (with susceptible and resistant plants), or resistant to the tested herbicides. All populations were susceptible to clethodim; 97.5% were susceptible and 2.5% were intermediately resistant to haloxyfop-P-methyl; and 9.9% were susceptible, 21.1% intermediately resistant, and 68.9% resistant to glyphosate. Glyphosate-resistant populations are homogeneously distributed throughout the evaluated regions. There are no cases of D. insularis multiple resistance in the sampled regions; however, cross-resistance to glyphosate and haloxyfopP-methyl was detected. Index terms: clethodim, glyphosate, haloxyfop-P-methyl, sourgrass, weed | ||
| 520 | _a Resumo – O objetivo deste trabalho foi avaliar a sensibilidade de diferentes populações de Digitaria insularis aos herbicidas glifosato, cletodim e haloxifope-P-metílico, em áreas agrícolas, e elaborar mapas de infestação com base na resposta das populações aos herbicidas. Cento e sessenta e uma populações com suspeita de serem resistentes foram avaliadas e comparadas a uma população suscetível. Quando as plantas estavam com três a quatro perfilhos, as populações foram pulverizadas com glifosato (1.000 g ha-1 e.a.), cletodim (108 g ha-1 i.a. + 0,5% de óleo mineral) e com haloxifope-P-metílico (62,35 g ha-1 i.a. + 0,5% de óleo mineral); plantas sem aplicação de herbicidas foram usadas como controle. As populações foram classificadas como sensíveis, resistentes ou intermediárias (com plantas sensíveis e resistentes) aos herbicidas-teste. Todas as populações foram sensíveis ao cletodim; 97,5% foram sensíveis e 2,5% intermediárias a haloxifope-P-metílico; e 9,9% foram sensíveis, 21,1% intermediárias e 68,9% resistentes ao glifosato. Populações resistentes ao herbicida glifosato estão dispersas homogeneamente nas regiões avaliadas. Não há casos de resistência múltipla de D. insularis nas regiões amostradas; no entanto, detectou-se resistência cruzada a glifosato e a haloxifope-P-metílico. Termos para indexação: cletodim, glifosato, haloxifope-P-metílico, capimamargoso, plantas daninhas. | ||
| 650 | _aCAPIM GORDO | ||
| 650 | _aERVA DANINHA | ||
| 650 | _aHERBICIDA | ||
| 650 | _aDEFESA VEGETAL | ||
| 650 | _aCERRADO | ||
| 773 | 0 |
_0920 _925800 _dBrasília-DF Empresa Brasileira de Pesquisa Agropecuária - EMBRAPA 1966- _o2023-436355 _tPesquisa Agropecuária Brasileira (Brazil) _x0100-204X _gv. 55 p. 1-14; (2020) _wBR2024000240 |
|
| 856 | _uhttps://www.scielo.br/j/pab/a/8qWwggdmQjb7Trx9hQc3mwc/?format=pdf&lang=en | ||
| 942 | _cAnalítica | ||
| 999 |
_c298865 _d298865 |
||